Ochrana osobných údajov a jej zmeny po novele od 15. apríla 2014

Od 15. apríla nadobudla účinnosť novela zákona č. 122/2013 Z. z. o ochrane osobných údajov a o zmene a doplnení niektorých zákonov. Účelom návrhu novely zákona bolo predovšetkým upraviť niektoré ustanovenia v súvislosti s plnením povinností pri spracúvaní osobných údajov, na ktoré reflektuje aplikač...

Descrizione completa

Salvato in:
Dettagli Bibliografici
Autore principale: Macová, Marcela
Natura: Capitolo di libro
Lingua:slovacco
Soggetti:
Tags: Aggiungi Tag
Nessun Tag, puoi essere il primo ad aggiungerne!!

MARC

LEADER 00000naa a2200000 4500
001 0188847
005 20231109104618.9
041 0 |a slo 
044 |a SK 
245 1 0 |a Ochrana osobných údajov a jej zmeny po novele od 15. apríla 2014  |c Marcela Macová 
520 |a Od 15. apríla nadobudla účinnosť novela zákona č. 122/2013 Z. z. o ochrane osobných údajov a o zmene a doplnení niektorých zákonov. Účelom návrhu novely zákona bolo predovšetkým upraviť niektoré ustanovenia v súvislosti s plnením povinností pri spracúvaní osobných údajov, na ktoré reflektuje aplikačná prax úradu, ako aj subjektov, na ktoré sa zákon vzťahuje. 
610 2 0 |a zákony 
610 2 0 |a novelizácia 
610 2 0 |a ochrana údajov osobných 
610 2 0 |a bezpečnosť 
100 1 |a Macová, Marcela